| 000 | 00617 a2200193 4500 | ||
|---|---|---|---|
| 001 | 56960 | ||
| 005 | 20260407155832.0 | ||
| 008 | 260407a1966 arg spa d | ||
| 003 | AR-UNSa-BCEJYS | ||
| 040 |
_aAR-UNSa-BCEJYS _bspa _cAR-UNSa-BCEJYS |
||
| 080 |
_a330 _xEconomía en general |
||
| 245 | 1 | 0 | _aEnsayos sobre economía mundial |
| 264 | 1 |
_aMadrid : _bTecnos _c1966 |
|
| 300 |
_a348 p. _c23 cm. |
||
| 505 | _a1. Gran Bretaña y la economía mundial – 2. Los países sub desarrollados – 3. Notas suplementarias | ||
| 942 | _cBK | ||
| 590 | _aniveau_biblio:m niveau_hierar:0 | ||
| 100 | 1 | _aHicks, John Richard | |
| 999 |
_c6076 _d6076 |
||